| 000 -LEADER |
| fixed length control field |
00592nam a22002177a 4500 |
| 005 - DATE AND TIME OF LATEST TRANSACTION |
| control field |
20150330053532.0 |
| 008 - FIXED-LENGTH DATA ELEMENTS--GENERAL INFORMATION |
| fixed length control field |
150330b xxu||||| |||| 00| 0 eng d |
| 020 ## - INTERNATIONAL STANDARD BOOK NUMBER |
| International Standard Book Number |
9780078799143 |
| 041 0# - LANGUAGE CODE |
| Language code of text/sound track or separate title |
eng |
| 080 ## - UNIVERSAL DECIMAL CLASSIFICATION NUMBER |
| Universal Decimal Classification number |
514 |
| 245 ## - TITLE STATEMENT |
| Title |
Geometri : |
| Statement of responsibility, etc |
Cummins Jerry |
| 260 ## - |
| -- |
United States of America ; |
| -- |
Glencoe McGraw-Hill, |
| -- |
2008 |
| 300 ## - |
| -- |
877 f.: |
| -- |
me il.; |
| -- |
27 cm |
| 505 ## - |
| -- |
Index: f. 862 - 878 |
| 650 ## - |
| -- |
Gjeometri |
| 700 1# - |
| -- |
Kanold Tim, |
| 700 1# - |
| -- |
Kenney Margaret, |
| 700 1# - |
| -- |
Malloy Carol, |
| 700 1# - |
| -- |
Mojica Yvonne |
| 942 ## - ADDED ENTRY ELEMENTS (KOHA) |
| Source of classification or shelving scheme |
|
| Item type |
Books |